United States Postage Stamps of the Twentieth Century, The (Record no. 841)
[ view plain ]
| 000 -LEADER | |
|---|---|
| fixed length control field | 00288nam a22001217a 4500 |
| 003 - CONTROL NUMBER IDENTIFIER | |
| control field | OSt |
| 008 - FIXED-LENGTH DATA ELEMENTS--GENERAL INFORMATION | |
| fixed length control field | 150215b xxu||||| |||| 00| 0 eng d |
| 041 ## - LANGUAGE CODE | |
| Language code of text/sound track or separate title | eng |
| 100 1# - MAIN ENTRY--PERSONAL NAME | |
| Personal name | Johl, Max G |
| 245 10 - TITLE STATEMENT | |
| Title | United States Postage Stamps of the Twentieth Century, The |
| 260 ## - PUBLICATION, DISTRIBUTION, ETC. (IMPRINT) | |
| Name of publisher, distributor, etc. | 1938 |
| 300 ## - PHYSICAL DESCRIPTION | |
| Extent | 0 pages |
| Withdrawn status | Lost status | Source of classification or shelving scheme | Damaged status | Not for loan | Permanent Location | Current Location | Date acquired | Total Checkouts | Full call number | Barcode | Date last seen | Copy number | Price effective from | Koha item type |
|---|---|---|---|---|---|---|---|---|---|---|---|---|---|---|
| Northern Philatelic Library | Northern Philatelic Library | 02/15/2015 | G3700 P964 J653 | 1001333 | 06/28/2015 | 1 | 06/28/2015 | Books | ||||||
| Northern Philatelic Library | Northern Philatelic Library | 10/12/2015 | G3700 P964 J653 | 1002002 | 10/12/2015 | 3 | 10/12/2015 |